00360nam a2200133 a 450000500170000000800410001702000180005805000190007610000180009524500370011326000420015030000070019244000270019920140412111409.0070807s19uu xx 00 eng d a971-511-787-2 aFilbAr77 2004 aHicks, Lesley aArthur's Angry! /cLesley Hicks. aPhilippines :bOMF literature,c2004. a32 aHiyas christian values